Gastgeber der Olympischen Sommerspiele mit Hinweis - Statistiken

Allgemein
  • Dieses Quiz wurde 74 mal gespielt
  • Das Durchschnittsergebnis liegt bei 15 aus 24
Antwortstatistiken
Hint City % Korrekt
Wenn Sie diese Stadt besuchen, werfen Sie eine Münze in den Trevi-Brunnen Rom
95%
Die erste Stadt, in der die Olympischen Spiele der Neuzeit stattfanden Athen
92%
Größte Stadt in Süddeutschland München
89%
Der Bau der Kirche Sagrada Família wird seit 1882 durchgeführt Barcelona
86%
Der „Walk of Fame“ ist eine große Touristenattraktion Los Angeles
86%
Die größte Stadt der Welt im Jahre 1900 London
76%
Die Verbotene Stadt ist hier Peking
73%
Die USA boykottierten die hier stattfindenden Olympischen Spiele Moskau
70%
Die einzige Stadt in Südamerika, in der die Spiele stattfinden Rio de Janeiro
70%
Der erste olympische Gastgeber in Asien Tokio
70%
Gegründet auf den Ruinen von Tenochtitlan Mexiko Stadt
65%
Jesse Owens gewann bei den Spielen dieser Stadt vier Goldmedaillen Berlin
63%
Sein größter Flughafen trägt den Code CDG Paris
62%
Die nördlichste Stadt, in der die Olympischen Spiele stattfinden Helsinki
56%
Das Zentrum des weltweiten Diamantenhandels Antwerpen
51%
Hat die niedrigste Höhe aller olympischen Gastgeber Amsterdam
49%
Wo der Coca-Cola-Konzern seinen Sitz hat Atlanta
49%
Die Hauptstadt von Queensland in Australien Brisbane
48%
Erbaut auf einer Insel im Sankt-Lorenz-Strom Montreal
48%
Die südlichste Stadt, in der die Olympischen Spiele stattfinden Melbourne
46%
Liegt etwa 50 km südlich der entmilitarisierten Zone Seoul
43%
1973 nahmen Bankräuber Geiseln und die Geiseln sympathisierten mit den Räubern! Stockholm
41%
Die Botany Bay dieser Stadt wurde 1770 von Kapitän James Cook besucht Sydney
41%
Das Flugzeug von Charles Lindbergh wurde nach dieser Stadt benannt St. Louis
30%
Keine übereinstimmenden Quizze gefunden
Verteilung der Resultate
Anzahl Personen mit jedem Resultat
Perzentil nach korrekt beantworteten Fragen
Ihre Resultats-Entwicklung
Sie haben dieses Quiz noch nicht gespielt